[Event "WCO2014"]
[Site "Tromso"]
[Date "2014.08.09"]
[Round "7.34"]
[WhiteID "34101737"]
[White "Nazarova Anastasia"]
[BlackID "8102937"]
[Black "Boshra Alshaeby"]
[Result "1-0"]
[LiveChessVersion "1.4.3"]
[BlackElo "1947"]
[WhiteElo "1904"]

1. e4 {[%clk 1:30:53]} g6 {[%clk 1:30:56]} 2. d4 {[%clk 1:30:57]} Bg7
{[%clk 1:31:20]} 3. Nc3 {[%clk 1:30:48]} c5 {[%clk 1:31:29]} 4. dxc5 Bxc3+
{[%clk 1:31:04]} 5. bxc3 {[%clk 1:29:00]} Qa5 {[%clk 1:31:03]} 6. Qd4
{[%clk 1:28:37]} Nf6 {[%clk 1:31:03]} 7. Qb4 {[%clk 1:27:44]} Qc7
{[%clk 1:23:41]} 8. Nf3 {[%clk 1:22:18]} Nc6 {[%clk 1:16:12]} 9. Qa4
{[%clk 1:21:43]} O-O {[%clk 1:05:34]} 10. Bd3 {[%clk 1:18:11]} d6
{[%clk 0:53:37]} 11. cxd6 {[%clk 1:15:34]} exd6 {[%clk 0:54:02]} 12. O-O
{[%clk 1:13:57]} Ng4 {[%clk 0:44:51]} 13. Nd4 {[%clk 0:54:11]} Nce5
{[%clk 0:28:25]} 14. Qb3 {[%clk 0:48:23]} Qe7 {[%clk 0:25:38]} 15. h3
{[%clk 0:41:50]} Nxd3 {[%clk 0:20:15]} 16. cxd3 {[%clk 0:35:06]} Ne5
{[%clk 0:20:42]} 17. Qc2 {[%clk 0:33:30]} f5 {[%clk 0:13:02]} 18. exf5
{[%clk 0:27:56]} Bxf5 {[%clk 0:12:35]} 19. Nxf5 {[%clk 0:28:16]} Rxf5
{[%clk 0:13:01]} 20. d4 {[%clk 0:27:53]} Nc6 {[%clk 0:06:35]} 21. Bd2
{[%clk 0:22:01]} Raf8 {[%clk 0:03:15]} 22. Qd3 {[%clk 0:15:39]} Qf6
{[%clk 0:03:09]} 23. Be3 {[%clk 0:15:57]} Ne7 {[%clk 0:02:44]} 24. Rab1
{[%clk 0:15:39]} b6 {[%clk 0:02:51]} 25. Rb2 {[%clk 0:11:37]} Qh4
{[%clk 0:03:01]} 26. f3 {[%clk 0:09:26]} Nd5 {[%clk 0:02:18]} 27. c4
{[%clk 0:09:09]} Nf6 {[%clk 0:02:07]} 28. Bf2 {[%clk 0:08:45]} Qh6
{[%clk 0:01:08]} 29. d5 {[%clk 0:08:22]} Nh5 {[%clk 0:00:58]} 30. Qd2
{[%clk 0:07:06]} Nf4 {[%clk 0:01:02]} 31. Be3 {[%clk 0:06:53]} Qh4
{[%clk 0:00:48]} 32. Qf2 {[%clk 0:05:56]} Qf6 {[%clk 0:00:47]} 33. Bxf4
{[%clk 0:06:12]} Rxf4 {[%clk 0:01:12]} 34. Rc2 {[%clk 0:05:40]} Qg5
{[%clk 0:01:21]} 35. Qe2 {[%clk 0:05:44]} R4f6 {[%clk 0:01:14]} 36. Rc3
{[%clk 0:05:21]} Qf4 {[%clk 0:01:11]} 37. Re3 {[%clk 0:05:17]} Rc8
{[%clk 0:00:56]} 38. Re4 {[%clk 0:05:35]} Qg3 {[%clk 0:01:04]} 39. Re1
{[%clk 0:03:40]} Rcf8 {[%clk 0:01:19]} 40. Rg4 {[%clk 0:03:52]} Qe5
{[%clk 0:00:59]} 41. Qxe5 {[%clk 0:04:14]} dxe5 {[%clk 0:01:26]} 42. Rxe5
{[%clk 0:04:32]} a5 {[%clk 0:30:18]} 43. Rge4 {[%clk 0:30:15]} R8f7
{[%clk 0:29:30]} 44. Kf2 {[%clk 0:29:23]} Kg7 {[%clk 0:29:56]} 45. Ke3
{[%clk 0:29:38]} Rc7 {[%clk 0:29:41]} 46. Re7+ {[%clk 0:29:53]} Rf7
{[%clk 0:30:05]} 47. Rxc7 {[%clk 0:29:59]} Rxc7 {[%clk 0:30:30]} 48. d6
{[%clk 0:29:58]} Rd7 {[%clk 0:30:10]} 49. Re7+ {[%clk 0:30:01]} Rxe7+
{[%clk 0:30:36]} 50. dxe7 {[%clk 0:30:25]} Kf7 {[%clk 0:31:03]} 51. Ke4
{[%clk 0:30:34]} Kxe7 {[%clk 0:31:26]} 52. Ke5 {[%clk 0:30:46]} a4
{[%clk 0:31:42]} 53. a3 {[%clk 0:30:20]} Kd7 {[%clk 0:31:50]} 54. f4
{[%clk 0:29:47]} Kc6 {[%clk 0:32:13]} 55. Kd4 {[%clk 0:30:12]} Kd6
{[%clk 0:31:57]} 56. g4 {[%clk 0:30:32]} Ke6 {[%clk 0:30:43]} 57. Ke4
{[%clk 0:29:32]} Kd6 {[%clk 0:31:02]} 58. f5 {[%clk 0:29:54]} g5 {[%clk 0:30:00]}
59. Kd4 {[%clk 0:28:29]} h6 {[%clk 0:30:07]} 60. Ke4 {[%clk 0:28:28]} Kd7
{[%clk 0:29:03]} 61. Kd5 {[%clk 0:27:55]} Kc7 {[%clk 0:29:09]} 1-0

[Event "WCO2014"]
[Site "Tromso"]
[Date "2014.08.09"]
[Round "7.33"]
[WhiteID "8102953"]
[White "Razan Alshaeby"]
[BlackID "504513"]
[Black "Walta Paivi"]
[Result "1-0"]
[LiveChessVersion "1.4.3"]
[BlackElo "1794"]
[WhiteElo "1804"]

1. c4 {[%clk 1:30:55]} f5 {[%clk 1:30:51]} 2. Nc3 {[%clk 1:31:09]} Nf6
{[%clk 1:31:02]} 3. g3 {[%clk 1:31:18]} g6 {[%clk 1:31:15]} 4. Bg2
{[%clk 1:31:38]} Bg7 {[%clk 1:31:23]} 5. Nf3 {[%clk 1:31:48]} O-O
{[%clk 1:30:46]} 6. O-O {[%clk 1:32:13]} d6 {[%clk 1:29:33]} 7. d4
{[%clk 1:28:36]} Qe8 {[%clk 1:25:54]} 8. Bf4 {[%clk 0:54:35]} c6 {[%clk 1:21:34]}
9. Qd2 {[%clk 0:53:59]} Ng4 {[%clk 1:03:36]} 10. h3 {[%clk 0:42:03]} e5
{[%clk 1:03:28]} 11. dxe5 {[%clk 0:42:02]} dxe5 {[%clk 1:03:52]} 12. Bg5
{[%clk 0:39:35]} Nf6 {[%clk 1:02:57]} 13. Bh6 {[%clk 0:35:29]} e4
{[%clk 1:02:36]} 14. Nd4 {[%clk 0:30:03]} Qf7 {[%clk 1:01:52]} 15. Bxg7
{[%clk 0:27:47]} Kxg7 {[%clk 1:02:06]} 16. b3 {[%clk 0:27:02]} Re8
{[%clk 1:00:48]} 17. Rad1 {[%clk 0:23:06]} Na6 {[%clk 0:55:20]} 18. Qf4
{[%clk 0:16:50]} Re7 {[%clk 0:52:52]} 19. Rd2 {[%clk 0:15:45]} Bd7
{[%clk 0:52:07]} 20. Rfd1 {[%clk 0:14:56]} Rae8 {[%clk 0:52:26]} 21. e3
{[%clk 0:13:24]} Nc5 {[%clk 0:52:03]} 22. Qd6 {[%clk 0:11:09]} Nd3
{[%clk 0:52:05]} 23. Na4 {[%clk 0:08:41]} Bc8 {[%clk 0:51:52]} 24. Qa3
{[%clk 0:06:29]} Nd7 {[%clk 0:47:37]} 25. Nb2 {[%clk 0:05:41]} Nxb2
{[%clk 0:47:14]} 26. Qxb2 {[%clk 0:06:10]} Kg8 {[%clk 0:47:07]} 27. Ne2
{[%clk 0:05:24]} Ne5 {[%clk 0:46:25]} 28. Nc1 {[%clk 0:04:06]} Qg7
{[%clk 0:45:22]} 29. Qa3 {[%clk 0:02:55]} a6 {[%clk 0:45:39]} 30. Qa5
{[%clk 0:02:21]} g5 {[%clk 0:44:24]} 31. Rd8 {[%clk 0:02:14]} Nf7
{[%clk 0:44:25]} 32. Rxe8+ {[%clk 0:01:54]} Rxe8 {[%clk 0:44:48]} 33. Ne2
{[%clk 0:01:58]} Qf6 {[%clk 0:44:17]} 34. Qc7 {[%clk 0:01:21]} h5
{[%clk 0:42:10]} 35. Qa5 {[%clk 0:00:55]} Ne5 {[%clk 0:36:27]} 36. Qc3
{[%clk 0:00:54]} Qg6 {[%clk 0:36:24]} 37. Qd4 {[%clk 0:00:49]} Nf7
{[%clk 0:34:07]} 38. Qb6 {[%clk 0:00:45]} Qh6 {[%clk 0:31:34]} 39. Qc7
{[%clk 0:00:39]} h4 {[%clk 0:31:24]} 40. gxh4 {[%clk 0:00:46]} Qxh4
{[%clk 0:31:41]} 41. c5 {[%clk 0:27:06]} Qh5 {[%clk 1:01:11]} 42. Rd2
{[%clk 0:24:15]} Ne5 {[%clk 0:58:26]} 43. Rd8 {[%clk 0:24:02]} Bd7
{[%clk 0:54:18]} 44. Rxd7 {[%clk 0:20:59]} Nxd7 {[%clk 0:54:37]} 45. Qxd7
{[%clk 0:21:21]} Rf8 {[%clk 0:53:55]} 46. Ng3 {[%clk 0:20:34]} Qh7
{[%clk 0:47:30]} 47. Qxh7+ {[%clk 0:20:40]} Kxh7 {[%clk 0:47:54]} 48. Nxf5
{[%clk 0:20:53]} Kg6 {[%clk 0:45:49]} 49. Bxe4 {[%clk 0:20:09]} Rxf5
{[%clk 0:46:12]} 50. Kg2 {[%clk 0:20:22]} Kf6 {[%clk 0:46:28]} 51. Bxf5
{[%clk 0:20:46]} Kxf5 {[%clk 0:46:54]} 52. Kg3 {[%clk 0:21:03]} 1-0

[Event "WCO2014"]
[Site "Tromso"]
[Date "2014.08.09"]
[Round "7.13"]
[WhiteID "5704820"]
[White "Tan Li Ting"]
[BlackID "602019"]
[Black "Lebel-Arias Julia"]
[Result "1-0"]
[LiveChessVersion "1.4.3"]
[BlackElo "1859"]
[WhiteElo "1945"]

1. d4 {[%clk 1:30:50]} g6 {[%clk 1:30:41]} 2. c4 {[%clk 1:31:06]} Bg7
{[%clk 1:31:01]} 3. Nc3 {[%clk 1:31:11]} c5 {[%clk 1:31:17]} 4. d5
{[%clk 1:31:08]} Bxc3+ {[%clk 1:30:11]} 5. bxc3 {[%clk 1:31:31]} f5
{[%clk 1:30:28]} 6. h4 {[%clk 1:22:46]} Nf6 {[%clk 1:29:46]} 7. e3
{[%clk 1:15:48]} Qa5 {[%clk 1:29:50]} 8. Bb2 {[%clk 1:15:08]} d6 {[%clk 1:29:59]}
9. Be2 {[%clk 1:11:34]} Nbd7 {[%clk 1:29:13]} 10. h5 {[%clk 1:03:56]} Rg8
{[%clk 1:29:26]} 11. hxg6 {[%clk 1:02:56]} hxg6 {[%clk 1:29:45]} 12. Nf3
{[%clk 0:49:56]} Nb6 {[%clk 1:29:11]} 13. Nd2 {[%clk 0:46:59]} Bd7
{[%clk 1:29:10]} 14. Qc2 {[%clk 0:42:40]} Ba4 {[%clk 1:28:32]} 15. Qb1
{[%clk 0:42:23]} Qa6 {[%clk 1:28:14]} 16. Rh4 {[%clk 0:31:54]} O-O-O
{[%clk 1:28:22]} 17. f3 {[%clk 0:28:29]} Bd7 {[%clk 1:28:28]} 18. Rh1
{[%clk 0:22:58]} Rh8 {[%clk 1:28:19]} 19. Rg1 {[%clk 0:22:58]} e6
{[%clk 1:28:20]} 20. a4 {[%clk 0:17:27]} Qa5 {[%clk 1:26:17]} 21. Nb3
{[%clk 0:16:32]} Qa6 {[%clk 1:26:17]} 22. Nd2 {[%clk 0:13:41]} Nxa4
{[%clk 1:25:05]} 23. dxe6 {[%clk 0:13:08]} Bxe6 {[%clk 1:25:18]} 24. Bd1
{[%clk 0:10:28]} Bd7 {[%clk 1:22:38]} 25. Qc2 {[%clk 0:08:51]} Qb6
{[%clk 1:22:49]} 26. Bc1 {[%clk 0:08:01]} Rde8 {[%clk 1:20:41]} 27. Kf2
{[%clk 0:05:48]} d5 {[%clk 1:18:51]} 28. Rxa4 {[%clk 0:04:56]} Bxa4
{[%clk 1:17:53]} 29. Qxa4 {[%clk 0:05:22]} a6 {[%clk 1:15:35]} 30. Nb3
{[%clk 0:02:47]} dxc4 {[%clk 1:12:59]} 31. Qxc4 {[%clk 0:03:01]} Nd7
{[%clk 1:12:22]} 32. Ba3 {[%clk 0:02:21]} Re5 {[%clk 1:11:42]} 33. Re1
{[%clk 0:01:18]} g5 {[%clk 1:08:57]} 34. Bc2 {[%clk 0:00:53]} Qb5
{[%clk 1:05:10]} 35. Qxb5 {[%clk 0:00:47]} axb5 {[%clk 1:05:35]} 36. Rd1
{[%clk 0:00:52]} Kc7 {[%clk 1:05:25]} 37. f4 {[%clk 0:00:49]} gxf4
{[%clk 1:04:26]} 38. exf4 {[%clk 0:01:16]} b6 {[%clk 0:54:25]} 39. fxe5
{[%clk 0:01:31]} Nxe5 {[%clk 0:54:40]} 40. Nxc5 {[%clk 0:01:08]} bxc5
{[%clk 0:52:38]} 41. Bxc5 {[%clk 0:01:30]} Kc6 {[%clk 0:52:47]} 42. Bd4
{[%clk 0:01:40]} Ng4+ {[%clk 0:53:06]} 43. Kf3 {[%clk 0:01:43]} Nh2+
{[%clk 0:49:42]} 44. Kf4 {[%clk 0:01:51]} Rg8 {[%clk 0:49:34]} 45. Bxf5
{[%clk 0:02:03]} 1-0

[Event "WCO2014"]
[Site "Tromso"]
[Date "2014.08.09"]
[Round "7.14"]
[WhiteID "633747"]
[White "Levacic Melissa"]
[BlackID "5702135"]
[Black "Azman Hisham Nur Nabila"]
[Result "0-1"]
[LiveChessVersion "1.4.3"]
[BlackElo "1916"]
[WhiteElo "1994"]

1. e4 {[%clk 1:30:57]} c5 {[%clk 1:30:48]} 2. Nc3 {[%clk 1:31:08]} e6
{[%clk 1:31:06]} 3. f4 {[%clk 1:30:51]} d5 {[%clk 1:30:58]} 4. Nf3
{[%clk 1:31:35]} dxe4 {[%clk 1:29:16]} 5. Nxe4 Be7 6. g3 {[%clk 1:26:04]} Nf6
{[%clk 1:24:56]} 7. Nf2 {[%clk 1:25:57]} b6 {[%clk 1:19:28]} 8. Bg2
{[%clk 1:23:05]} Bb7 {[%clk 1:19:46]} 9. O-O {[%clk 1:22:48]} O-O
{[%clk 1:18:28]} 10. b3 {[%clk 1:15:02]} Qc7 {[%clk 1:14:12]} 11. Bb2
{[%clk 1:12:52]} Nc6 {[%clk 1:13:53]} 12. Nd3 {[%clk 1:04:12]} Rad8
{[%clk 1:09:15]} 13. Nde5 {[%clk 0:57:10]} Nd4 {[%clk 0:54:53]} 14. Re1
{[%clk 0:35:45]} Nxf3+ {[%clk 0:38:29]} 15. Bxf3 {[%clk 0:31:11]} Bxf3
{[%clk 0:38:27]} 16. Nxf3 {[%clk 0:31:34]} c4 {[%clk 0:36:16]} 17. bxc4
{[%clk 0:25:46]} Qxc4 {[%clk 0:36:12]} 18. d3 {[%clk 0:25:20]} Qc5+
{[%clk 0:15:18]} 19. d4 {[%clk 0:17:00]} Qc7 {[%clk 0:14:42]} 20. Qd3
{[%clk 0:14:36]} Rc8 {[%clk 0:11:59]} 21. Re2 {[%clk 0:12:41]} Bb4
{[%clk 0:09:48]} 22. c3 {[%clk 0:10:06]} Bd6 {[%clk 0:09:22]} 23. Rc1
{[%clk 0:09:27]} Qc4 {[%clk 0:07:16]} 24. Qxc4 {[%clk 0:04:50]} Rxc4
{[%clk 0:07:41]} 25. Rcc2 {[%clk 0:03:59]} Rfc8 {[%clk 0:07:41]} 26. Ne5
{[%clk 0:00:47]} Bxe5 {[%clk 0:07:54]} 27. Rxe5 {[%clk 0:00:49]} Rxd4
{[%clk 0:07:28]} 28. Rce2 {[%clk 0:00:36]} Rd1+ {[%clk 0:05:19]} 29. Kg2
{[%clk 0:01:01]} h6 {[%clk 0:05:39]} 30. f5 {[%clk 0:00:44]} exf5
{[%clk 0:05:22]} 31. Re7 {[%clk 0:00:37]} a5 {[%clk 0:03:13]} 32. Rb7
{[%clk 0:00:40]} Nd5 {[%clk 0:03:27]} 33. Kh3 {[%clk 0:00:35]} Rc7
{[%clk 0:00:41]} 34. Rxc7 {[%clk 0:00:36]} Nxc7 {[%clk 0:01:10]} 35. Re7
{[%clk 0:00:46]} Ne6 {[%clk 0:01:20]} 36. Rb7 {[%clk 0:00:40]} Rd2
{[%clk 0:01:37]} 37. Bc1 {[%clk 0:00:37]} Ng5+ {[%clk 0:02:00]} 0-1

[Event "WCO2014"]
[Site "Tromso"]
[Date "2014.08.09"]
[Round "7.15"]
[WhiteID "5704685"]
[White "Azman Hisham Nur Najiha"]
[BlackID "1301047"]
[Black "Grillon Charline"]
[Result "1-0"]
[LiveChessVersion "1.4.3"]
[BlackElo "1734"]
[WhiteElo "1886"]

1. d4 {[%clk 1:30:50]} d5 {[%clk 1:30:54]} 2. c4 {[%clk 1:31:01]} e6
{[%clk 1:31:17]} 3. Nf3 {[%clk 1:31:09]} Nf6 {[%clk 1:31:16]} 4. Bg5
{[%clk 1:30:35]} Be7 {[%clk 1:31:31]} 5. Nc3 {[%clk 1:30:35]} O-O
{[%clk 1:31:30]} 6. Qc2 {[%clk 1:29:16]} b6 {[%clk 1:25:39]} 7. cxd5
{[%clk 1:29:00]} exd5 {[%clk 1:25:02]} 8. e3 {[%clk 1:28:35]} Bb7
{[%clk 1:23:41]} 9. Bd3 {[%clk 1:27:49]} h6 {[%clk 1:23:03]} 10. Bh4
{[%clk 1:26:34]} Nbd7 {[%clk 1:22:03]} 11. O-O {[%clk 1:21:55]} Rc8
{[%clk 1:12:30]} 12. Nb5 {[%clk 1:20:38]} c6 {[%clk 0:59:38]} 13. Nxa7
{[%clk 1:20:45]} Rc7 {[%clk 0:55:04]} 14. Bg3 {[%clk 1:20:49]} Ba6
{[%clk 0:39:52]} 15. Bxc7 {[%clk 1:20:32]} Qxc7 {[%clk 0:40:12]} 16. Nxc6
{[%clk 1:20:48]} Nb8 {[%clk 0:37:44]} 17. Nxe7+ {[%clk 1:12:49]} Qxe7
{[%clk 0:38:01]} 18. Bxa6 {[%clk 1:13:07]} Nxa6 {[%clk 0:38:19]} 19. Rfc1
{[%clk 1:11:54]} b5 {[%clk 0:32:34]} 20. Qc6 {[%clk 1:09:16]} Qa7
{[%clk 0:23:11]} 21. Qxb5 {[%clk 1:08:02]} Rb8 {[%clk 0:21:16]} 22. Qa5
{[%clk 1:07:35]} Qb7 {[%clk 0:16:55]} 23. a3 {[%clk 1:06:22]} Ra8
{[%clk 0:13:47]} 24. b4 {[%clk 1:05:57]} Nb8 {[%clk 0:11:44]} 25. Qd8+
{[%clk 1:02:42]} Kh7 {[%clk 0:11:42]} 26. Rc8 {[%clk 1:00:19]} Kg6
{[%clk 0:09:25]} 27. Ne5+ {[%clk 0:58:26]} Kh5 {[%clk 0:08:17]} 28. Rc7
{[%clk 0:54:40]} Qxb4 {[%clk 0:07:02]} 29. g4+ {[%clk 0:55:00]} 1-0

[Event "WCO2014"]
[Site "Tromso"]
[Date "2014.08.09"]
[Round "7.16"]
[WhiteID "5400384"]
[White "Lomandong Noela-Joyce"]
[BlackID "5702879"]
[Black "Azhar Puteri Rifqah Fahada"]
[Result "1/2-1/2"]
[LiveChessVersion "1.4.3"]
[BlackElo "1860"]
[WhiteElo "1616"]

1. e4 {[%clk 1:30:57]} c5 {[%clk 1:30:50]} 2. Nc3 {[%clk 1:31:11]} e6
{[%clk 1:30:48]} 3. f4 {[%clk 1:30:56]} Nc6 {[%clk 1:29:51]} 4. Bb5
{[%clk 1:30:42]} Nd4 {[%clk 1:28:26]} 5. Bd3 {[%clk 1:30:43]} Qc7
{[%clk 1:27:56]} 6. e5 {[%clk 1:26:22]} c4 {[%clk 1:25:17]} 7. Be4
{[%clk 1:24:43]} d6 {[%clk 1:24:18]} 8. exd6 {[%clk 1:17:17]} Bxd6
{[%clk 1:24:33]} 9. g3 {[%clk 1:12:14]} f5 {[%clk 1:10:36]} 10. Bg2
{[%clk 1:10:59]} Bd7 {[%clk 1:07:38]} 11. Nf3 {[%clk 1:01:46]} Nxf3+
{[%clk 1:01:53]} 12. Bxf3 {[%clk 1:01:38]} Bc5 {[%clk 1:01:19]} 13. b3
{[%clk 0:52:02]} cxb3 {[%clk 0:44:37]} 14. axb3 {[%clk 0:52:04]} Rc8
{[%clk 0:44:29]} 15. Bb2 {[%clk 0:50:56]} Nf6 {[%clk 0:43:14]} 16. Qe2
{[%clk 0:45:02]} Kf7 {[%clk 0:36:19]} 17. Na4 {[%clk 0:38:07]} Bd6
{[%clk 0:27:21]} 18. c4 {[%clk 0:33:55]} a6 {[%clk 0:23:44]} 19. Be5
{[%clk 0:26:51]} Bxa4 {[%clk 0:18:26]} 20. Rxa4 {[%clk 0:25:58]} Bxe5
{[%clk 0:12:53]} 21. fxe5 {[%clk 0:18:33]} Nd7 {[%clk 0:13:04]} 22. d4
{[%clk 0:16:38]} b5 {[%clk 0:12:27]} 23. Rxa6 {[%clk 0:11:09]} bxc4
{[%clk 0:12:07]} 24. bxc4 {[%clk 0:10:10]} Qxc4 {[%clk 0:12:05]} 25. Qxc4
{[%clk 0:09:18]} Rxc4 {[%clk 0:12:33]} 26. Rd6 {[%clk 0:09:34]} Ke7
{[%clk 0:11:48]} 27. O-O {[%clk 0:08:40]} Rhc8 {[%clk 0:11:25]} 28. Be2
{[%clk 0:06:11]} R4c6 {[%clk 0:04:18]} 29. Rxd7+ {[%clk 0:04:51]} Kxd7
{[%clk 0:04:40]} 30. Bb5 {[%clk 0:05:17]} Rb8 {[%clk 0:04:47]} 31. Bxc6+
{[%clk 0:04:37]} Kxc6 {[%clk 0:05:16]} 32. Rc1+ {[%clk 0:04:03]} Kd5
{[%clk 0:05:24]} 33. Rc7 {[%clk 0:04:16]} Kxd4 {[%clk 0:05:39]} 34. Rxg7
{[%clk 0:04:24]} Rh8 {[%clk 0:05:58]} 35. Kf2 {[%clk 0:04:08]} Kxe5
{[%clk 0:06:02]} 36. Ke3 {[%clk 0:03:19]} h5 {[%clk 0:06:20]} 37. h4
{[%clk 0:03:26]} Kf6 {[%clk 0:06:05]} 38. Rg5 {[%clk 0:03:01]} Rh7
{[%clk 0:05:48]} 39. Kf4 {[%clk 0:02:36]} e5+ {[%clk 0:06:11]} 40. Kf3
{[%clk 0:03:01]} Rh6 {[%clk 0:05:06]} 41. Rg8 {[%clk 0:02:04]} Rh7
{[%clk 0:01:29]} 42. Rg5 {[%clk 0:02:32]} Rh6 {[%clk 0:01:34]} 43. Rg8
{[%clk 0:03:00]} Rh7 {[%clk 0:28:07]} 44. Rg5 {[%clk 0:34:28]} Rg7
{[%clk 0:26:46]} 45. Rxh5 {[%clk 0:32:26]} e4+ {[%clk 0:26:15]} 46. Kf2
{[%clk 0:31:49]} Rb7 {[%clk 0:15:07]} 47. Rh8 {[%clk 0:30:52]} Rb2+
{[%clk 0:13:28]} 48. Ke3 {[%clk 0:26:06]} Rb3+ {[%clk 0:13:49]} 49. Kf2
{[%clk 0:26:00]} Rb2+ 1/2-1/2

[Event "WCO2014"]
[Site "Tromso"]
[Date "2014.08.09"]
[Round "7.31"]
[WhiteID "1621629"]
[White "Newrkla Katharina"]
[BlackID "7300573"]
[Black "Mencos Claudia"]
[Result "1-0"]
[LiveChessVersion "1.4.3"]
[BlackElo "2017"]
[WhiteElo "2135"]

1. e4 {[%clk 1:30:58]} c5 {[%clk 1:30:58]} 2. Nf3 {[%clk 1:31:22]} e6
{[%clk 1:31:22]} 3. d4 {[%clk 1:31:49]} cxd4 {[%clk 1:31:47]} 4. Nxd4
{[%clk 1:32:16]} a6 {[%clk 1:32:11]} 5. Nc3 {[%clk 1:32:42]} Qc7 {[%clk 1:32:35]}
6. Bd3 {[%clk 1:33:08]} Nf6 {[%clk 1:32:37]} 7. f4 {[%clk 1:33:24]} d6
{[%clk 1:18:37]} 8. Qf3 {[%clk 1:33:37]} Nbd7 {[%clk 1:13:47]} 9. g4
{[%clk 1:29:55]} h6 {[%clk 1:13:55]} 10. h4 {[%clk 1:14:31]} e5 {[%clk 1:01:59]}
11. Nf5 {[%clk 1:06:28]} exf4 {[%clk 0:58:50]} 12. Bxf4 {[%clk 1:03:16]} Ne5
{[%clk 0:57:27]} 13. Bxe5 {[%clk 1:01:44]} dxe5 {[%clk 0:57:55]} 14. O-O-O
{[%clk 0:57:31]} Be6 {[%clk 0:56:05]} 15. Nd5 {[%clk 0:43:17]} Nxd5
{[%clk 0:52:25]} 16. exd5 {[%clk 0:43:38]} Bxf5 {[%clk 0:52:50]} 17. Qxf5
{[%clk 0:40:20]} Bd6 {[%clk 0:49:37]} 18. g5 {[%clk 0:32:39]} Qd7
{[%clk 0:45:59]} 19. Qf3 {[%clk 0:20:59]} Qe7 {[%clk 0:45:24]} 20. g6
{[%clk 0:19:37]} f6 {[%clk 0:45:41]} 21. Bf5 {[%clk 0:17:08]} O-O
{[%clk 0:42:48]} 22. Be6+ {[%clk 0:17:35]} Kh8 {[%clk 0:43:13]} 23. Qe4
{[%clk 0:15:51]} b5 {[%clk 0:39:31]} 24. Rh3 {[%clk 0:10:50]} b4 {[%clk 0:39:11]}
25. Rf3 {[%clk 0:09:29]} Ra7 {[%clk 0:36:55]} 26. Rf5 {[%clk 0:06:20]} Qc7
{[%clk 0:23:09]} 27. Rdf1 {[%clk 0:05:21]} Qc5 {[%clk 0:20:09]} 28. R1f2
{[%clk 0:02:56]} Qd4 {[%clk 0:17:46]} 29. Qxd4 {[%clk 0:02:20]} exd4
{[%clk 0:18:15]} 30. Re2 {[%clk 0:01:56]} Rc7 {[%clk 0:16:12]} 31. Kd2
{[%clk 0:01:36]} Rd8 {[%clk 0:14:51]} 32. Kd3 {[%clk 0:01:35]} Be5
{[%clk 0:15:06]} 33. Rfxe5 {[%clk 0:00:42]} fxe5 {[%clk 0:15:34]} 34. Rxe5
{[%clk 0:01:07]} Rc5 {[%clk 0:15:35]} 35. Rf5 {[%clk 0:01:01]} Rc7
{[%clk 0:10:22]} 36. Rf7 {[%clk 0:00:36]} Rc5 {[%clk 0:08:12]} 37. Rf2
{[%clk 0:00:55]} Ra5 {[%clk 0:05:04]} 38. Kxd4 {[%clk 0:00:55]} Rxa2
{[%clk 0:05:33]} 39. b3 {[%clk 0:00:40]} Ra5 {[%clk 0:05:06]} 40. Rf7
{[%clk 0:00:45]} Ra2 {[%clk 0:04:24]} 41. Kd3 {[%clk 0:00:32]} Ra5
{[%clk 0:04:33]} 42. Kc4 {[%clk 0:30:28]} Rb5 {[%clk 0:23:41]} 43. Ra7
{[%clk 0:26:03]} Rb6 {[%clk 0:22:23]} 44. Kc5 {[%clk 0:25:31]} Rb5+
{[%clk 0:13:50]} 45. Kc6 {[%clk 0:22:46]} Rdb8 {[%clk 0:08:01]} 46. Rc7
{[%clk 0:16:46]} R5b6+ {[%clk 0:06:47]} 47. Kd7 {[%clk 0:15:26]} a5
{[%clk 0:06:13]} 48. Ke7 {[%clk 0:13:52]} a4 {[%clk 0:06:01]} 49. bxa4
{[%clk 0:14:12]} b3 {[%clk 0:06:14]} 50. cxb3 {[%clk 0:14:39]} Rxb3
{[%clk 0:06:24]} 51. d6 {[%clk 0:14:01]} h5 {[%clk 0:04:13]} 52. d7
{[%clk 0:11:57]} R3b7 {[%clk 0:03:09]} 53. Rxb7 {[%clk 0:09:50]} Rxb7
{[%clk 0:02:53]} 54. Bh3 {[%clk 0:10:03]} Kg8 {[%clk 0:02:33]} 55. Ke8
{[%clk 0:10:26]} 1-0

[Event "WCO2014"]
[Site "Tromso"]
[Date "2014.08.09"]
[Round "7.30"]
[WhiteID "7300450"]
[White "Figueroa Julissa"]
[BlackID "12000086"]
[Black "Novkovic Julia"]
[Result "0-1"]
[LiveChessVersion "1.4.3"]
[BlackElo "2131"]
[WhiteElo "1833"]

1. c4 {[%clk 1:30:56]} e5 {[%clk 1:30:25]} 2. g3 {[%clk 1:31:17]} Nc6
{[%clk 1:30:33]} 3. Bg2 {[%clk 1:31:36]} d6 {[%clk 1:30:38]} 4. Nc3
{[%clk 1:31:53]} g6 {[%clk 1:29:49]} 5. d3 {[%clk 1:31:34]} Bg7 {[%clk 1:30:09]}
6. e4 {[%clk 1:30:46]} Be6 {[%clk 1:24:04]} 7. Nge2 {[%clk 1:30:42]} Qd7
{[%clk 1:24:08]} 8. Nd5 {[%clk 1:24:16]} Nd8 {[%clk 1:21:52]} 9. b4
{[%clk 1:13:32]} c6 {[%clk 1:20:40]} 10. Ndc3 {[%clk 1:12:21]} Ne7
{[%clk 1:14:54]} 11. O-O {[%clk 1:09:45]} O-O {[%clk 1:11:52]} 12. Be3
{[%clk 0:59:49]} f5 {[%clk 1:06:58]} 13. Qd2 {[%clk 0:58:42]} Nf7
{[%clk 1:06:11]} 14. Rac1 {[%clk 0:55:37]} fxe4 {[%clk 0:55:44]} 15. Nxe4
{[%clk 0:45:20]} Nf5 {[%clk 0:55:10]} 16. Ng5 {[%clk 0:39:13]} Nxe3
{[%clk 0:44:41]} 17. Nxe6 {[%clk 0:37:27]} Nxf1 {[%clk 0:44:58]} 18. Nxf8
{[%clk 0:37:44]} Nxd2 {[%clk 0:45:22]} 19. Nxd7 {[%clk 0:38:03]} Rd8
{[%clk 0:45:42]} 20. Bh3 {[%clk 0:34:50]} Nf3+ {[%clk 0:45:26]} 21. Kg2
{[%clk 0:34:04]} N3g5 {[%clk 0:45:50]} 22. f4 {[%clk 0:29:33]} Nxh3
{[%clk 0:43:00]} 23. fxe5 {[%clk 0:29:41]} Nhg5 {[%clk 0:38:56]} 24. Nf6+
{[%clk 0:27:49]} Kh8 {[%clk 0:36:30]} 25. h4 {[%clk 0:28:08]} Ne6
{[%clk 0:36:35]} 26. Rf1 {[%clk 0:27:33]} Nxe5 {[%clk 0:35:52]} 0-1